MyGZULibrary

Figurative language in Shona discourse : (Record no. 4770)

MARC details
000 -LEADER
fixed length control field 00882nam a2200253 a 4500
001 - CONTROL NUMBER
control field 1540854
003 - CONTROL NUMBER IDENTIFIER
control field GZU
005 - DATE AND TIME OF LATEST TRANSACTION
control field 20210323154413.0
008 - FIXED-LENGTH DATA ELEMENTS--GENERAL INFORMATION
fixed length control field 910816s1989 rh 001 0 eng
010 ## - LIBRARY OF CONGRESS CONTROL NUMBER
LC control number 90981134
020 ## - INTERNATIONAL STANDARD BOOK NUMBER
Canceled/invalid ISBN 0869224345
040 ## - CATALOGING SOURCE
Original cataloging agency DLC
Transcribing agency DLC
050 00 - LIBRARY OF CONGRESS CALL NUMBER
Classification number PL8681
Item number .P66 1989
100 1# - MAIN ENTRY--PERSONAL NAME
Personal name Pongweni, Alec J. C.
245 10 - TITLE STATEMENT
Title Figurative language in Shona discourse :
Remainder of title a study of the analogical imagination /
Statement of responsibility, etc. Alec J.C. Pongweni.
260 ## - PUBLICATION, DISTRIBUTION, ETC.
Place of publication, distribution, etc. Gweru, Zimbabwe :
Name of publisher, distributor, etc. Mambo Press,
Date of publication, distribution, etc. 1989.
300 ## - PHYSICAL DESCRIPTION
Extent xiii, 234 p. ;
Dimensions 22 cm.
504 ## - BIBLIOGRAPHY, ETC. NOTE
Bibliography, etc. note Includes bibliographical references (p. [226]-229) and index.
650 #0 - SUBJECT ADDED ENTRY--TOPICAL TERM
Topical term or geographic name entry element Shona language
General subdivision Figures of speech.
650 #0 - SUBJECT ADDED ENTRY--TOPICAL TERM
Topical term or geographic name entry element Shona literature
General subdivision History and criticism.
906 ## - LOCAL DATA ELEMENT F, LDF (RLIN)
a 7
b cbc
c orignew
d 3
e ncip
f 19
g y-gencatlg
942 ## - ADDED ENTRY ELEMENTS (KOHA)
Source of classification or shelving scheme Library of Congress Classification
Koha item type Books
Classification part 8681
Item part PON
Call number prefix PL
Call number suffix 1989
Holdings
Withdrawn status Lost status Damaged status Not for loan Collection code Home library Current library Shelving location Date acquired Total Checkouts Full call number Barcode Date last seen Copy number Price effective from Koha item type Inventory number
        Non-fiction City Campus Library City Campus Library General Stacks 03/23/2021   PL8681 PON 1989 013925 03/23/2021 c.1 03/23/2021 Books  
        Non-fiction City Campus Library City Campus Library General Stacks 03/25/2021   PL8681 PON 1989 G21583 03/25/2021 c.2 03/25/2021 Books  
        Non-fiction City Campus Library City Campus Library General Stacks 03/31/2021   PL8681 PON 1989 012999 03/31/2021 c.3 03/31/2021 Books  
        Non-fiction City Campus Library City Campus Library General Stacks 04/01/2021   PL8681 PON 1989 G22755 04/01/2021 c.4 04/01/2021 Books  
        Non-fiction City Campus Library City Campus Library   04/07/2021   PL8681 PON 1989 G22074 04/07/2021 c.5 04/07/2021 Books  
        Non-fiction City Campus Library City Campus Library General Stacks 04/07/2021   PL8681 PON 1989 013926 04/07/2021 c.6 04/07/2021 Books  
        Non-fiction Mashava Campus Library Mashava Campus Library General Stacks 05/19/2021   PL8681 PON 1989 G21705 05/19/2021 c.7 05/19/2021 Books  
        Non-fiction Mashava Campus Library Mashava Campus Library General Stacks 05/20/2011   PL8681 PON 1989 G23579 05/20/2021 c.8 05/20/2021 Books 11133